01402nam a2200373Ic 450000100060000000300100000600500170001600700030003300800410003602000180007704000350009504100080013008200210013808200140015910000350017324501470020825000450035526400450040030000180044533600270046333700330049033800280052350000460055150000180059750400380061550500870065352100410074053400290078154500550081065000440086565000340090965000520094370000330099558901CO-BoRNBP20250829152714.0ta210920s20172020sp er 000 0dspa d a9788490567906 aCO-BoRNBPbspaerdacCO-BoRNBP aspa04a320.12bK16v22204a911bK16v aKaplan, Robert D.,d1952-eaut13aLa venganza de la geografía :bla geografía marca el destino de las naciones /cRobert D. Kaplan ; traducción de Laura Martín de Dios. aPrimera ediciónbSegunda reimpresión 1aBarcelona, España :bRBA Libros,c2020 a478 páginas atextobtxt2rdacontent asin mediaciónbn2rdamedia avolumenbnc2rdacarrier aIncluye índice analítico y de nombres aIncluye notas aBibliografía: páginas 427-4611 aVisionarios -- El mapa de principios del siglo XXI -- El destino de Estados Unidos aRecomendado para un público adulto bThe revenge of geography aIncluye datos biográficos del autor en la solapa07aGeografía económicaySiglo XX2lemb07aGeopolíticaySiglo XX2lemb07aGeografiaxAspectos políticosySiglo XX2LEMB aMartín de Dios, Lauraetrl